1512 1860 1583 1407 1730 1000 1935 1473 1138 1389 1916 1335 1884 1265 1549 1132 1247 1516 1143 1302 1643 1799 1200 1512 1809 1861 1228 1185 1393 1591 1700 1002 1715 1777 1442 1733 1382 1663 1802 1921 1074 1335 1979 1415 1972 1312 1728 1619 1834 1301 1475 1361 1564 1439 1197 1978 1141 1575 1834 1490 1996 1477 1118 1166 1491 1227 1501 1823 1612 1432 1621 1081 1722 1882 1647 1361 1175 1366 1933 1244 1000 1389 1060 1567 1473 1481 1408 1856 1219 1686 1108 1508 1885 1576 1407 1241 1293 1908 1843 BCNSPRNW ULIB Ver.6.0+V

เปลี่ยนเป็นภาษาไทย

Change to English
 แสดงรายละเอียดบรรณานุกรม
  กลับหน้าหลัก

Brief Record : Get Marc (ISO 2709) : E-mail record : QR code < ปิดหน้าต่าง
LEADER : 00000nam 2200000uu 4500
001    13399121465
003     ULIB
008    121120s2546||||th 000 0 tha d
020    ^a9789749167779
090    ^aรส^bช357พ 2546
100 0  ^aชัชรินทร์ ไชยวัฒน์
245 10 ^aพญาโหงบนโลงแก้วและงานคัดสรร /^cชัชรินทร์ ไชยวัฒน์
250    ^aพิมพ์ครั้งที่ 1
260    ^aกรุงเทพฯ :^bมูลนิธิสถาบันวิชาการ 14 ตุลา,^c2546
300    ^a160 หน้า ;^c21 ซม.
490 0  ^aหนังสือชุด''ตุลาวรรณกรรม''
500    ^aฉลองครบรอบ 30 ปี 14 ตุลา : 2516-2546 ร่วมวาระประวัติศาสตร์''''วัน 14 ตุลา ประชาธิปไตย''''
650  4 ^aเรื่องสั้น^xรวมเรื่อง
650  4 ^aเรื่องสั้นไทย
650  4 ^aกวีนิพนธ์^xรวมเรื่อง
650  4 ^aกวีนิพนธ์ไทย^xรวมเรื่อง
710 2  ^aมูลนิธิสถาบันวิชาการ 14 ตุลา
945    ^p0^l0^i14358
995    ^aกัณชพร
999    ^aกัณชพร
รายการนี้ยังไม่มีแท็ก
คุณยังไม่ได้ล็อกอิน คุณสามารถมีกิจกรรมร่วมกับเว็บไซต์ได้ แต่ต้องล็อกอินก่อน ::
  ล็อกอิน

รายการสื่อสารสนเทศ

ลำดับที่ ประเภท เลขเรียก/บาร์โค้ด สถานที่ สถานะ
1. นวนิยาย
นวนิยาย
รส ช357พ 2546  
  Barcode: 14358
ห้องสมุดวิทยาเขตสวรรค์ประชารักษ์
►นวนิยาย
บนชั้น
  ขอยืม

รายการใกล้เคียง
    หัวเรื่อง [เรื่องสั้น รวมเรื่อง]
    หัวเรื่อง [เรื่องสั้นไทย]

BibComment


ยังไม่เคยถูกคอมเมนท์

คอมเมนท์ทรัพยากรรายการนี้
  คอมเมนท์: พญาโหงบนโลงแก้วแ..


 Copyright 2026. Bcnsprnw @Library